000
00323nam a22001337a 4500
008
180125b xxu||||| |||| 00| 0 eng d
020
_a
9780072536690
041
_a
eng
080
_a
330.722.6
100
_a
62
101
_a
kon
245
_a
financial accouting information for decisions
_c
wild.j.j
942
_2
udc
_c
BK
999
_c
40936
_d
40936